Normal view
MARC view
- Mathematical concepts and methods in science and engg
Entry Topical Term
001 - CONTROL NUMBER
- control field: 69349
003 - CONTROL NUMBER IDENTIFIER
- control field: NUST
005 - DATE AND TIME OF LATEST TRANSACTION
- control field: 20210628204223.0
008 - FIXED-LENGTH DATA ELEMENTS
- fixed length control field: 210628|| aca||aabn | a|a d
040 ## - CATALOGING SOURCE
- Original cataloging agency: NUST
- Transcribing agency: NUST
150 ## - HEADING--TOPICAL TERM
- Topical term or geographic name entry element: Mathematical concepts and methods in science and engg
670 ## - SOURCE DATA FOUND
- Source citation: Work cat.: (NUST): Beatty, Millard F 69348, Principles of engineering mechanics, 1986
